Oceanography and acoustics: prediction and propagation models

Furkejuvvon:
Bibliográfalaš dieđut
Váldodahkkit: Robinson, Allan R (Dahkki), Lee, Ding (Dahkki)
Materiálatiipa: Girji
Giella:eaŋgalasgiella
Almmustuhtton: Nueva York American Institute of Physics 1994
Ráidu:AIP Series in Modern Acoustics and Signal Processing
Fáttát:
Fáddágilkorat: Lasit fáddágilkoriid
Eai fáddágilkorat, Lasit vuosttaš fáddágilkora!

MARC

LEADER 00000nam a2200000 a 4500
001 UCN5993
003 CL-VaPUC
008 010913e19940000US |||||||||||||||||eng|d
082 0 4 |a 620.25  |b ROB  |2 21 
100 0 |a Robinson, Allan R  |e author  |9 461751 
700 0 |a Lee, Ding  |e author  |9 461752 
245 1 0 |a Oceanography and acoustics: prediction and propagation models 
300 |a 257 p 
942 |c BK 
945 |d 20010913 00:00:00  |a vberengu 
260 |a Nueva York  |b American Institute of Physics  |c 1994 
650 0 |a Acústica subacuática  |9 261795 
650 0 |a Oceanografía  |9 260014 
650 0 |a Hidrodinámica   |9 261326 
583 |a last modification  |c 20010913 00:00:00  |k Rodrigo Vera 
490 0 |a AIP Series in Modern Acoustics and Signal Processing 
999 |c 297086  |d 297084 
952 |0 0  |1 0  |2 ddc  |4 0  |6 620_250000000000000_ROB_1994  |7 0  |8 A  |9 351509  |a BIBCUR  |b BIBCUR  |d 2019-11-21  |i 3755207  |o 620.25 ROB 1994  |p 3755207  |r 2025-04-22  |w 2019-11-21  |y BK  |k RNT